Responses for show #1738 - Wednesday, March 4, 1992

1992 Teen Tournament semifinal game 3.

Contestants

April McManus, a senior from Woodbury, Minnesota

Rob Marus, a junior from Little Rock, Arkansas

Pat Gavin, a sophomore from Kingston, Massachusetts

Jeopardy! Round responses

THE CONSTITUTION
RAPPERS
HINTS FROM HELOISE
WOMEN AUTHORS
RIVERS
"T" TIME
(Alex: Notice "T" in quotation marks.)
    $100 26
Independence Hall

Rob
    $100 11
Hammer

April
    $100 9
the fat

Pat
    $100 16
S.E. Hinton

Pat
    $100 10
the Nile

Pat
    $100 21
thrones

April
    $200 27
the Bill of Rights

Pat
    $200 12
Vanilla Ice

Pat
    $200 8
gloves

April
    $200 17
Judy Blume

April
    $200 7
(Rob: What is the Olga River?)

the Volga River

RobApril
    $200 22
"True blue"

Rob
    $300 30
the National Archives

Pat
    $300 13
2 Live Crew

Rob
    $300 4
alcohol

Rob
    $300 18
South Africa

April
    $300 6
the Yukon River

Pat
    $300 23
thrift

Pat
    $400 29
assemble

April
    $400 14
The Fresh Prince of Bel Air

Pat
    $400 3
tea

Pat
    $400 19
Agatha Christie

Pat
    $500 5
East & West Germany

Rob
    $400 24
(Pat: What's a baby goose?) [breaks down laughing.][Other players join in.]
(Alex: That's funny, Pat. But remember it's "T" Time, "baby goose" does not begin with the letter T.)
[Bell sounds.]
(Alex: [*]. Vidkun Quisling was a [*] in the second World War. Pat, can you regain your composure enough to select again?)

traitor

Pat
Triple Stumper
    $500 28
treason

Rob
    $500 15
Tone Lōc

April
    $500 2
spider webs

April
    $500 20
Flannery O'Connor

April
    $500 1
(Rob: What is the Ganges?) [Rob pronounces the second "g" in the name as a hard "G".]
(Pat: What is the Ganges?) [Pat pronounces the second "g" in the name as a soft "g".]

the Indus (River)

PatRobApril
    $500 25
a troika

April

Scores at the first commercial break (after clue 15):

Pat Rob April
$1,000 $400 $2,000

Scores at the end of the Jeopardy! Round:

Pat Rob April
$1,900 $1,200 $4,000

Double Jeopardy! Round responses

BIOLOGY
THE CIVIL WAR
RELIGION
THE ORCHESTRA
COLLEGE DEGREES
GENGHIS KHAN
    $200 30
water

April
    $200 6
Fort Sumter

Pat
    $200 1
Muhammad

Rob
    $200 27
the triangle

Rob
    $200 11
Medical

April
    $200 17
the Mongol tribe

Pat
    $400 29
(Rob: What is sucrose?)

nectar

PatRob
    $400 10
Chattanooga

Rob
    $400 2
the Star of David

Rob
    $400 26
the violin

April
    $400 22
Master of the Arts

Rob
    $400 16
his real name

Pat
    $600 28
vitamin D

April
    $600 9
(Pat: What's Antietam?)

the First Battle of Bull Run

Pat
Triple Stumper
    $600 3
the Puritans

April
    $600 25
Richard Wagner

Pat
    $600 23
(Pat: What's Children's Education?)

Chemical Engineering

PatRob
    $600 15
Kublai Khan

Pat
    $800 19
cancer

April
    $800 8
(George) Pickett

April
    $800 4
reincarnation

April
    $100 21
(Alex: Who have a commanding lead and you're shaking your head.)
(April: I know nothing about the orchestra.

the oboe

April
    $800 20
Divinity

April
    $800 12
his capital

Pat
    $3,500 18
(Pat: What is helio...centrism?)
(Alex: Oh, gosh.)
(Pat: Helio...)
(Alex: Heliotropism if the plant bends to follow the sun. Phototropism if it's bending to follow light from an artificial source.)

heliotropism or phototropism

Pat
    $1000 7
Richmond (Virginia)

Pat
    $1000 5
the Beatitudes

April
    $1000 24
a flute

April
    $1000 14
a Doctor of Business Administration

Pat
    $1000 13
the Silk Road

Rob

Scores at the end of the Double Jeopardy! Round:

Pat Rob April
$2,400 $4,000 $11,300
(lock game)

[wagering suggestions for these scores]

Final Jeopardy! Round responses

U.S. STATES
(Alex: This is a first for us, ladies and gentlemen. For the first time in eight years in any of our tournaments, it will be an all-female affair.)
PatWhat are Utah & Colorado?
$2,400
RobWhat are Colorado & Wyoming
$4,000
AprilWhat are Wyoming & Utah?
$0
(2 of) Colorado, Utah, & Wyoming

Final scores:

Pat Rob April
$4,800 $8,000 $11,300
3rd place: $5,000 2nd place: $5,000 Finalist

Game dynamics:

Coryat scores:

Pat Rob April
$5,900 $3,900 $12,000
20 R,
5 W
(including 1 DD)
13 R
(including 1 DD),
3 W
24 R
(including 1 DD),
0 W

Combined Coryat: $21,800

The J! Archive is created by fans, for fans. The Jeopardy! game show and all elements thereof, including but not limited to copyright and trademark thereto, are the property of Jeopardy Productions, Inc. and are protected under law. This website is not affiliated with, sponsored by, or operated by Jeopardy Productions, Inc. Join the discussion at JBoard.tv.